Teaching English spelling : A practical guide

Teaching English Spelling, a resource book of supplementary activities for practicing common English spelling patterns, can be used with both first-language and foriegn- and second-language learners at a variety of levels. A typical chapter in Teaching English Spelling focuses on a single phoneme an...

Полное описание

Сохранить в:
Библиографические подробности
Главный автор: Shemesh, Ruth
Формат:
Язык:Undetermined
Опубликовано: Cambridge, UK Cambridge Univ. Press 2000
Предметы:
Метки: Добавить метку
Нет меток, Требуется 1-ая метка записи!
Thư viện lưu trữ: Trung tâm Học liệu Trường Đại học Cần Thơ
LEADER 01021nam a2200229Ia 4500
001 CTU_42385
008 210402s9999 xx 000 0 und d
020 |b 159.000đ 
082 |a 428.007 
082 |b S546 
100 |a Shemesh, Ruth 
245 0 |a Teaching English spelling : 
245 2 |b A practical guide 
245 0 |c Ruth Shemesh, Sheila Waller 
260 |a Cambridge, UK 
260 |b Cambridge Univ. Press 
260 |c 2000 
520 |a Teaching English Spelling, a resource book of supplementary activities for practicing common English spelling patterns, can be used with both first-language and foriegn- and second-language learners at a variety of levels. A typical chapter in Teaching English Spelling focuses on a single phoneme and is then divided into three to five easy-to-follow lesson plans, each on a different letter for the target sound. 
650 |a English language 
650 |x Orthograph and spelling 
904 |i Minh 
980 |a Trung tâm Học liệu Trường Đại học Cần Thơ